Sentido numérico e iniciación al álgebra

Guardat en:
Dades bibliogràfiques
Autor principal: Cedillo Ávalos, Tenoch Esaú (Autor)
Format: Llibre
Idioma:espanyol
Publicat: Ciudad de México Iberoamérica 1998
Col·lecció:La Calculadora en el Salón de Clase, 1
Matèries:
Etiquetes: Afegir etiqueta
Sense etiquetes, Sigues el primer a etiquetar aquest registre!

MARC

LEADER 00000nam a2200000 a 4500
001 UCN6006
003 CL-VaPUC
008 010913e19980000MX |||||||||||||||||spa|d
082 0 4 |a 512  |b CED  |2 21 
100 |a Cedillo Ávalos, Tenoch Esaú  |e author  |9 567198 
245 1 0 |a Sentido numérico e iniciación al álgebra 
300 |a 71 p 
942 |c BK 
945 |d 20010913 00:00:00  |a vberengu 
260 |a Ciudad de México  |b Iberoamérica  |c 1998 
650 0 |a Tecnología educacional  |9 307265 
650 0 |a Métodos de enseñanza  |9 270413 
650 0 |a Calculadoras  |9 353224 
650 0 |a Números naturales   |9 266064 
650 7 |a FRACCIONES MATEMATICAS  |2 CL-VaPUC  |9 423855 
583 |a last modification  |c 20010913 00:00:00  |k Rodrigo Vera 
490 0 |a La Calculadora en el Salón de Clase, 1 
999 |c 297099  |d 297097 
952 |0 0  |1 0  |4 0  |6 512_000000000000000_CED_1998  |7 0  |8 A  |9 351536  |a BIBMAT  |b BIBMAT  |c E_DIDACT  |d 2019-11-21  |i 3745295  |o 512 CED 1998  |p 3745295  |r 2025-01-07  |w 2019-11-21  |y BK  |k MAT 
952 |0 0  |1 0  |4 0  |6 512_000000000000000_CED_1998  |7 0  |8 A  |9 351537  |a BIBMAT  |b BIBMAT  |c E_DIDACT  |d 2019-11-21  |i 3745309  |o 512 CED 1998  |p 3745309  |r 2025-01-07  |w 2019-11-21  |y BK  |k MAT